000 01465nam a2200385Ia 4500
001 dia_5689
003 CHAP
005 20250730131648.0
007 ta
008 220117s2000 mx b fr 001 0 spa d
040 _cCHAP
_amxchpua
090 _aT.C.299
_bP66 ETIPA
_c2000
245 1 3 _aEstancia en la planta Chateau Camou, S. A. de C. V., Ensenada, Baja California /
_ccoordinadores Pedro Ponce Hernández y Marco Vinicio Bañuelos Gudiño ; colaboradores Raúl Hernández Cisneros...[et al.]
260 _aMéxico :
_bEl autor,
_c2000
300 _a40 hojas :
_bgráficas, diagramas, tablas
336 _2rdacontent
_atexto
_btxt
337 _2rdamedia
_asin medio
_bn
338 _2rdacarrier
_avolumen
_bnc
500 _a7° año
502 _aViaje de Estudios
_b(ETIPA) --
_cUACh. Departamento de Ingeniería Agroindustrial,
_d2000
504 _aBibliografía: hoja 40
650 1 0 _aIndustria del vino
_zMéxico
_zBaja California Norte
_9154153
650 1 0 _aWine industry
_zMexico
_zBaja California Norte
_9154154
700 1 _aBañuelos Gudiño, Mario Marco Vinicio
_9156618
_ecoordinador
700 1 _aPonce Hernández, Pedro
_9147918
_ecoordinador
700 1 0 _aHernández Cisneros, Raúl
_9159255
_ecolaborador
901 _aT.C.299 P66 ETIPA 2000
902 _aM
905 _a5232272000 mx b 8223123322spa16
942 _2local
942 _cVE
999 _c176648
_d176648